| 000 | 00431nam a2200157 i 4500 | ||
|---|---|---|---|
| 001 | 69956 | ||
| 003 | ES-MaACL | ||
| 005 | 20230906170656.0 | ||
| 007 | t| | ||
| 008 | 040714s1970 sp ||||1| spa d | ||
| 100 | 1 |
_aGarcía Marquina, Francisco. _954891 |
|
| 245 | 1 | 0 |
_aCuerpo presente / _cFrancisco García Marquina. |
| 260 |
_aMadrid : _bAlfaguara, _c[1970] |
||
| 300 |
_a82 p. ; _c21 cm. |
||
| 852 |
_aES-MaACL _jC-38884 _bR.75444 |
||
| 999 |
_c69956 _d69956 |
||